| 000 | 00489nam a22001817a 4500 | ||
|---|---|---|---|
| 003 | Ost | ||
| 005 | 20250807113051.0 | ||
| 008 | 250807b |||||||| |||| 00| 0 eng d | ||
| 020 | _a9789998072015 | ||
| 040 | _cBT-PhCST | ||
| 050 | _a25498-25502 | ||
| 082 |
_222 _a823 _bPEM |
||
| 100 | _aWangchuk, Pema. | ||
| 245 |
_aDear Tshogyal : _bthe memoir of a prostitute / |
||
| 260 |
_aBhutan : _bBhutan Infocom and Media Authority, _cNA |
||
| 300 |
_a223 p. : _bill. ; _c18 cm. |
||
| 942 |
_2ddc _cF |
||
| 999 |
_c10086 _d10086 |
||